000 00354nam a2200133Ia 4500
008 240624s9999 xx 000 0 und d
041 _aeng
082 _a658.4092 BUR
100 _aMERCER
245 _aCREATING VALUE THROUGH PEOPLE DISCUSSION
260 _c2009
_aNew Jersey
_bJohn Wiley and Sons
300 _axi, : 271 : p. : cm. ; 23
365 _c
_b23
999 _c14568
_d14568